000 00244nam a22001097a 4500
041 _aENG
245 _aSpecification For Groundut Planter
260 _aNew Delhi
_bISI
_c1985
300 _a120
650 _aBIS Test Code
856 _uBIS Test Code
999 _c2029
_d2029